| 000 | 00897nam a2200277 i 4500 | ||
|---|---|---|---|
| 001 | 66793 | ||
| 003 | ES-MaACL | ||
| 005 | 20250824210224.0 | ||
| 007 | t| | ||
| 008 | 030630s2003 sp ||||0| spa d | ||
| 020 | _a84-206-3573-1 | ||
| 040 |
_aM-BN _bspa _cM-BN |
||
| 080 | _a3:1 | ||
| 080 | _a303 | ||
| 100 | 1 |
_aGómez Rodríguez, Amparo. _958138 |
|
| 245 | 1 | 0 |
_aFilosofía y metodología de las ciencias sociales / _cAmparo Gómez Rodríguez. |
| 260 |
_aMadrid : _bAlianza Editorial, _c[2003] |
||
| 300 |
_a343 p. ; _c24 cm. |
||
| 490 | 1 |
_aEl libro universitario. Manuales ; _v085 |
|
| 504 | _aBibliografía: p. 315-337. Indice. | ||
| 650 | 1 | 4 |
_aCiencias sociales- _xFilosofía _910993 |
| 650 | 1 | 4 |
_aCiencias sociales- _xMetodología _910996 |
| 830 | 0 | 3 |
_aEl libro universitario (Alianza) _v085 _9179736 |
| 852 |
_aES-MaACL _jL-27280 _bR.132966 |
||
| 999 |
_c66793 _d66793 |
||